Ušaté pohádky na dobrou noc

Bibliographic Details
Main Authors: Cowan, Geoffrey (Author), Goodová, Julie (Author), Hook, Sue (Author), Pritchard, Gabrielle (Author)
Other Authors: Stevenson, Peter, 1953- (Illustrator), Kadlec, Stanislav, 1964- (Translator)
Format: Book
Language:Czech
English
PhysicalDescription:112 s. ilustr. 30 cm
Published: Praha Egmont ČR 1994
ISBN:8085817454
Edition:1. vyd.
Subjects:

MARC

LEADER 00000cam a2200000 a 4500
001 vtls001168237
003 SK-MaSNL
005 20260301063334.0
008 180129s1994 xr a a 0000j cze
015 |a SNBAZSA1994 
020 |a 8085817454 
035 |a SNK000111217 
040 |a SNK  |b slo  |c SNK  |e AACR2 
041 1 |a cze  |h eng 
044 |a xr  |c CZ 
080 |a 820-93-34=850  |2 1981 
240 1 0 |a Bunny tales for bedtime  |l Česky 
245 0 0 |a Ušaté pohádky na dobrou noc  |c ilustroval Peter Stevenson ; napísali Geoffrey Cowan, Julie Goodová, Sue Hooková, Gabby Pritchardová, Sally Sheringhamová, Jenny Vaughanová a Tim L. West ; přeložil Stanislav Kadlec 
250 |a 1. vyd. 
260 |a Praha  |b Egmont ČR  |c 1994  |e Martin  |f Neografia 
300 |a 112 s.  |b ilustr.  |c 30 cm 
500 |a Preložené z angličtiny 
655 7 |a rozprávky  |2 SNKPH  |9 70597 
655 7 |a autorské rozprávky  |2 SNKPH  |9 70727 
655 7 |a literatúra pre deti  |2 SNKPH  |9 87135 
700 1 |a Cowan, Geoffrey  |4 aut  |9 378945 
700 1 |a Goodová, Julie  |4 aut  |9 378946 
700 1 |a Hook, Sue  |4 aut  |9 60940 
700 1 |a Pritchard, Gabrielle  |4 aut  |9 60941 
700 1 |a Stevenson, Peter,  |d 1953-  |4 ill  |9 117966 
700 1 |a Kadlec, Stanislav,  |d 1964-  |4 trl  |9 378947 
852 |a Slovenská národná knižnica 
919 |a 80-85817-45-4 
954 |a beletria cudzojazyčná (svetová)  |2 lita 
999 |c 623682  |d 625612 
952 |a SNK  |b SNK  |y PREZ  |7 0  |p 17A0926483  |o snkSB 52840  |i snkKSP 7144/94  |0 0  |1 0  |4 0  |d 2015-09-28  |l 0  |r 2025-03-18 00:00:00  |w 2026-02-23